00405nam a2200121 a 450000500170000000800410001705000220005824500260008026000390010630000090014599900190015495201100017320140412111327.0110128s19uu xx 00 eng d aM 591bWo927 1991 aThe world of animals. aU.S.A :bFunk and wagnalls,c1991. a45p. c104733d104733 001040aELbELcMd2011-01-28eDonationl0oM 591 Wo927 1991pE8549r2014-04-12 00:00:00w2014-04-12yBK